Providing for consideration of H.R. 3402, Department of Justice Appropriations Authorization Act, Fiscal Years 2006 through 2009 : report (to accompany H. Res. 462).

Saved in:
Bibliographic Details
Corporate Author: United States. Congress. House. Committee on Rules.
Format: Book
Language:English
Published: [Washington, D.C. : U.S. G.P.O., 2005]
Series:Report / 109th Congress, 1st session, House of Representatives ; 109-236
Subjects:
Tags: Add Tag
No Tags, Be the first to tag this record!
LEADER 01752cam a2200361 a 4500
001 009803473-1
005 20051116101546.0
008 051014s2005 dcu f000 0 eng c
035 0 |a ocm62082830 
040 |a GPO  |c GPO  |d GPO 
042 |a pcc 
043 |a n-us--- 
050 1 4 |a KF32  |b .R8 2005zzs 
074 |a 1008-C 
074 |a 1008-C (online) 
074 |a 1008-D (MF) 
074 |a 1008-D (online) 
086 0 |a Y 1.1/8:109-236 
110 1 |a United States.  |b Congress.  |b House.  |b Committee on Rules. 
245 1 0 |a Providing for consideration of H.R. 3402, Department of Justice Appropriations Authorization Act, Fiscal Years 2006 through 2009 :  |b report (to accompany H. Res. 462). 
260 |a [Washington, D.C. :  |b U.S. G.P.O.,  |c 2005] 
300 |a 20 p. ;  |c 24 cm. 
490 1 |a Report / 109th Congress, 1st session, House of Representatives ;  |v 109-236 
500 |a Caption title. 
500 |a Shipping list no.: 2006-0026-P. 
500 |a Distributed to some depository libraries in microfiche. 
500 |a "September 27, 2005." 
530 |a Also available via Internet from the GPO Access web site. Address as of 10/14/05: http://frwebgate.access.gpo.gov/cgi-bin/getdoc.cgi?dbname=109%5Fcong%5Freports&docid=f:hr236.109.pdf; current access is available via PURL. 
610 1 0 |a United States.  |b Department of Justice  |x Appropriations and expenditures. 
776 0 8 |i Online version:  |a United States. Congress. House. Committee on Rules.  |t Providing for consideration of H.R. 3402, Department of Justice Appropriations Authorization Act, Fiscal Years 2006 through 2009.  |d [Washington, D.C. : U.S.G.P.O., 2005]  |w (OCoLC)762100323 
810 1 |a United States.  |b Congress.  |b House.  |t Report ;  |v 109-236. 
988 |a 20051116 
906 |0 OCLC